|
|
|
|
| LEADER |
00000nam a22000007a 4500 |
| 005 |
20160223124627.0 |
| 007 |
cr|||| ||u| |
| 008 |
160223s2015 mx ||||| |||| 00||0 spa d |
| 020 |
|
|
|a 978-607-8384-66-2
|
| 035 |
|
|
|a 13083
|
| 040 |
|
|
|a vLex
|
| 090 |
|
|
|c 5894
|d 5894
|
| 245 |
1 |
0 |
|a Gua̕ del dictamen ante el INFONAVIT
|h [Recurso electrn̤ico] /
|c CROSS Comisin̤ Representativa ante Organismos de Seguridad social
|
| 256 |
|
|
|a Servicio en ln̕ea
|
| 260 |
|
|
|a Mx̌ico
|b Instituto Mexicano de Contadores Pb︢licos
|c 2015
|
| 300 |
|
|
|a 1 recurso electrn̤ico
|
| 500 |
|
|
|a Es una orientacin̤ simple y armn̤ica para el contador Pb︢lico Registrado (C.P.R.) que debe dictaminar las obligaciones del patrn̤ ante el INFONAVIT, de acuerdo con la ley de los reglamentos de ese Instituto; por ello, sugiere las consideraciones que el C.P.R., debe tomar en cuenta durante el desarrollo de su trabajo, para estar en posicin̤ de emitir su opinin̤, segn︢ las normas y los procedimientos de auditoria, y las normas para atestiguar.
|
| 506 |
1 |
|
|a Contenido solo disponible en los productos indicados
|d vLex Global
|d vLex Global
|d vLex Global (U.S. Academic Edition, Law Schools)
|d vLex Global (U.S. Academic Edition, excluding Law Schools)
|d vLex Global (Academic Edition, Law Schools)
|
| 650 |
0 |
4 |
|a Derecho
|z Mx̌ico
|
| 740 |
0 |
|
|a vLex libros (servicio en ln̕ea)
|
| 856 |
4 |
0 |
|u http://vlex.com/source/guia-del-dictamen-ante-el-infonavit-13083
|z Acceso restringido
|
| 942 |
|
|
|c BOOK
|
| 999 |
0 |
|
|a Law
|